Loading...
| Current Events | 1 | 10.00 | 100% | 0% | 0% |
| Fine Arts - Auditory Fine Arts | 6 | 23.33 | 100% | 100% | 33% |
| Fine Arts - Other Fine Arts | 8 | 16.25 | 100% | 50% | 13% |
| Fine Arts - Visual Fine Arts | 10 | 19.00 | 100% | 70% | 20% |
| Geography | 2 | 20.00 | 100% | 100% | 0% |
| History - American History | 6 | 18.33 | 100% | 67% | 17% |
| History - European History | 6 | 20.00 | 100% | 67% | 33% |
| History - Other History | 6 | 20.00 | 100% | 50% | 50% |
| History - World History | 6 | 13.33 | 100% | 33% | 0% |
| Literature - American Literature | 6 | 18.33 | 100% | 50% | 33% |
| Literature - British Literature | 6 | 11.67 | 100% | 17% | 0% |
| Literature - European Literature | 9 | 17.78 | 100% | 78% | 0% |
| Literature - World Literature | 7 | 21.43 | 100% | 86% | 29% |
| Mythology | 6 | 20.00 | 100% | 67% | 33% |
| Other Academic | 2 | 25.00 | 100% | 50% | 100% |
| Philosophy | 7 | 14.29 | 86% | 43% | 14% |
| Pop Culture | 4 | 17.50 | 100% | 75% | 0% |
| Religion | 6 | 18.33 | 100% | 67% | 17% |
| Science - Biology | 5 | 18.00 | 100% | 60% | 20% |
| Science - Chemistry | 6 | 18.33 | 100% | 67% | 17% |
| Science - Other Science | 6 | 25.00 | 100% | 83% | 67% |
| Science - Physics | 10 | 20.00 | 100% | 90% | 10% |
| Social Science | 7 | 14.29 | 100% | 43% | 0% |